| 000 | 01046pam a2200289 a 4500 | ||
|---|---|---|---|
| 999 |
_c297 _d297 |
||
| 001 | 1672925 | ||
| 003 | OSt | ||
| 005 | 20260306020204.0 | ||
| 008 | 981008s1999 paua b 001 0 eng c | ||
| 010 | _a 98048704 | ||
| 020 | _a0683061410 (alk. paper) | ||
| 040 |
_aDNLM/DLC _cDLC _dDLC |
||
| 050 | 0 | 0 |
_aQM23.2 _b.M67 1999 |
| 060 | 1 | 0 |
_aQS 4 _bM822c 1999 |
| 082 | 0 | 0 |
_aQS 4 M822c 1999 _221 |
| 100 | 1 |
_aMoore, Keith L.; Dalley, Arthur F. _9228 |
|
| 245 | 1 | 0 | _aClinically Oriented Anatomy |
| 250 | _a4th ed. | ||
| 260 |
_aPhiladelphia : _bLippincott Williams & Wilkins, _cc1999. |
||
| 300 |
_axxxi, 1164 p. : _bill. (some col.) ; _c28 cm. |
||
| 504 | _aIncludes bibliographical references and index. | ||
| 650 | 0 |
_aHuman anatomy. _9134 |
|
| 856 | 4 | 2 |
_3Publisher description _uhttp://www.loc.gov/catdir/enhancements/fy0730/98048704-d.html |
| 906 |
_a7 _bcbc _corignew _d1 _eocip _f19 _gy-gencatlg |
||
| 942 |
_2z _cB_BANK _02 |
||